Noms de pays les plus longs A-Z - Statistiques

Statistiques générales
  • Ce quiz a été pris 167 fois
  • Le résultat moyen est 15 sur 24
Statistiques - réponses
Lettre Longueur Pays % Correct
Q 5 Qatar
83%
Z 8 Zimbabwe
83%
U 7 Ukraine / Uruguay
82%
Y 5 Yémen
82%
F 8 Finlande
78%
V 9 Venezuela
77%
J 8 Jamaïque / Jordanie
76%
R 29 République Démocratique du Congo
76%
H 8 Honduras
73%
A 16 Antigua-et-Barbuda
69%
P 23 Papouasie-Nouvelle-Guinée
69%
O 11 Ouzbékistan
65%
K 12 Kirghizistan
63%
S 27 Saint-Vincent-et-les-Grenadines
61%
N 15 Nouvelle-Zélande
59%
G 17 Guinée-Équatoriale
58%
T 15 Trinité-et-Tobago
52%
E 24 États Fédérés de Micronésie
47%
D 9 Dominique
46%
C 11 Corée du Nord / Côte d'Ivoire
43%
L 13 Liechtenstein
43%
B 17 Bosnie-Herzégovine
40%
I 12 Îles Marshall
39%
M 15 Macédoine du Nord
32%
Aucun quiz correspondant
Distribution des résultats
% des personnes avec chaque résultat
Percentile par nombre de réponses
Votre historique - résultats
Vous n’avez pas pris ce quiz